Meilleur Buteur de ce Club - Statistiques

Statistiques générales
  • Ce quiz a été pris 276 fois
  • Le résultat moyen est 20 sur 40
Statistiques - réponses
Hint Réponse % Correct
Paris SG Kylian Mbappé
88%
Real Madrid Cristiano Ronaldo
85%
FC Barcelone Lionel Messi
84%
Arsenal Thierry Henry
82%
Atéltico de Madrid Antoine Griezmann
81%
Manchester City Sergio Agüero
80%
Tottenham Hotspur FC Harry Kane
79%
Manchester United Wayne Rooney
78%
Chelsea FC Frank Lampard
77%
Ajax Amsterdam Johan Cruyff
77%
AS Roma Francesco Totti
76%
Bayern Munich Gerd Müller
76%
Juventus Turin Alessandro Del Piero
71%
Lazio Rome Ciro Immobile
68%
RB Leipzig Timo Werner
68%
Benfica Lisbonne Eusébio
67%
Newcastle United Alan Shearer
61%
SSC Naples Dries Mertens
59%
Girondins de Bordeaux Alain Giresse
57%
Liverpool FC Ian Rush
50%
Stade de Reims Just Fontaine
50%
Inter Milan Giuseppe Meazza
47%
Glasgow Rangers Ally McCoist
39%
Fiorentina Gabriel Batistuta
39%
Dynamo Kiev Oleg Blokhine
38%
AS Saint-Etienne Hervé Revelli
35%
FC Porto Fernando Gomes
33%
Parme Hernán Crespo
27%
Olympique Lyonnais Fleury Di Nallo
25%
Chakhtar Donetsk Luiz Adriano
25%
Borussia Mönchengladbach Jupp Heynckes
24%
FC Nantes Philippe Gondet
24%
Sampdoria Gênes Roberto Mancini
24%
AS Monaco Delio Onnis
23%
Olympique de Marseille Gunnar Andersson
23%
Hambourg SV Uwe Seeler
19%
RC Lens Ahmed Oudjani
17%
Bayer Leverkusen Ulf Kirsten
17%
Borussia Dortmund Alfred Preissler
13%
Milan AC Gunnar Nordahl
11%
Aucun quiz correspondant
Distribution des résultats
% des personnes avec chaque résultat
Percentile par nombre de réponses
Votre historique - résultats
Vous n’avez pas pris ce quiz